| 000 | 01223nam a22002777a 4500 | ||
|---|---|---|---|
| 999 |
_c117814 _d117814 |
||
| 003 | dpl | ||
| 005 | 20190302144145.0 | ||
| 008 | 161024b xxu||||| |||| 00| 0 eng d | ||
| 010 | _aB-075926 | ||
| 020 |
_c00.00 _a8176621757 |
||
| 035 | _aB-075926, B-075930 | ||
| 037 | _bCen Lib/Ret | ||
| 040 |
_aDPL _bHN _cTIT |
||
| 082 |
_a821 _bअशोक |
||
| 100 |
_aअशोक देहलवी _976957 |
||
| 245 |
_aआवाज़ आपकी मेरी कलम से : _cअशोक देहलवी _bमेरी कल्याणकारी कवितायेँ / |
||
| 246 |
_aAwaz apki meri kalam se : meri kalyankari kavitayen / _bby Ashok Dehalvi |
||
| 260 |
_aनयी दिल्ली _bमिनर्वा प्रकाशन _c2000 |
||
| 270 |
_bनयी दिल्ली _a13 पालम मार्ग, वसन्त विहार _e110057 |
||
| 300 |
_a157पृ. _c21सेमी (सजिल्द) |
||
| 650 |
_aसाहित्य--कविता _976958 |
||
| 650 |
_aहिन्दी कविताएं _976959 |
||
| 650 |
_aLiterature--Poetry _976960 |
||
| 650 |
_aHindi poetry _976961 |
||
| 942 |
_2ddc _cHN _h821 _mअशोक |
||